| 000 | 00699nam a22002057a 4500 | ||
|---|---|---|---|
| 005 | 20230303083448.0 | ||
| 008 | 230303b |||||||| |||| 00| 0 eng d | ||
| 020 | _a978-971-9905-05-9 | ||
| 082 | _aFil. 647.94 L177 2011 | ||
| 100 |
_aLago, Elpedia M. _eauthor |
||
| 245 |
_aRoom division management and control system / _cElpedia M. Marte-Lago, Leo Benjamin Jerusalem |
||
| 260 |
_aManila: _bMindshapers Co., Inc., _cc2011. |
||
| 300 |
_axi, 136p.; _bill. |
||
| 504 | _aIncludes bibliographies | ||
| 541 | _e4278 | ||
| 650 | _aHotels and motels - Management | ||
| 650 | _aHotels and motels - Security measures | ||
| 650 | _aIndustrial safety | ||
| 700 |
_aJerusalem, Leo Benjamin _eauthor |
||
| 999 |
_c1579 _d1579 |
||